00270nam a2200109Ia 4500008004100000041000800041100001700049245002400066260003500090300000800125700002700133250110s9999 xx 000 0 und d aeng aZambre Sneha aWine Park At Nashik bFinal Year B. Arch, BNCAc2012 a95p aGuide Name:Pawar Abhay